[Event "Junior Online 4NCL Division 5"]
[Site "online"]
[Date "2020.04.30"]
[Round "3.88"]
[White "Korsinskij, Alexander"]
[Black "Shelley, Bill"]
[Result "0-1"]
[WhiteElo "1082"]
[BlackElo "392"]
[PlyCount "90"]
[EventDate "2020.04.30"]
[WhiteTeam "Liverpool 2"]
[BlackTeam "Gonzaga College SJ D"]

1. e4 e5 2. Nf3 Nf6 3. d4 Nc6 4. d5 Ne7 5. Nc3 c6 6. d6 Ng6 7. Bg5 Bxd6 8. Qxd6
Rg8 9. Nxe5 Nxe5 10. Qxe5+ Kf8 11. O-O-O h6 12. Bxf6 Qxf6 13. Qxf6 gxf6 14. Re1
d6 15. f4 f5 16. e5 dxe5 17. Rxe5 Rg4 18. h3 Rxf4 19. g3 Rf3 20. g4 fxg4 21.
hxg4 f6 22. Re2 Bxg4 23. Rxh6 Rxf1+ 24. Nd1 Bxe2 25. Rh8+ Ke7 26. Rxa8 Bxd1 27.
b3 f5 28. Rxa7 f4 29. Rxb7+ Kd6 30. Rb8 Ke5 31. Rd8 Bg4+ 32. Kb2 Ke4 33. Re8+
Kf3 34. Rc8 Ke2 35. Rxc6 f3 36. Rf6 f2 37. a4 Bh3 38. a5 Rh1 39. a6 f1=Q 40.
Rxf1 Rxf1 41. a7 Rf8 42. Kc3 Ra8 43. Kb4 Rxa7 44. c4 Be6 45. c5 Ke3 0-1

[Event "Junior Online 4NCL Division 5"]
[Site "online"]
[Date "2020.04.30"]
[Round "3.91"]
[White "Shahameeran, Ashika"]
[Black "Morrison, Matthew"]
[Result "1-0"]
[WhiteElo "1319"]
[BlackElo "1217"]
[PlyCount "65"]
[EventDate "2020.04.30"]
[WhiteTeam "St John's College B"]
[BlackTeam "Surbiton Juniors B"]

1. e4 e5 2. Nf3 Nc6 3. Nc3 Nf6 4. d4 d6 5. Bb5 Bd7 6. O-O a6 7. Bxc6 Bxc6 8. d5
Bb5 9. Re1 g6 10. a4 Bc4 11. b3 Bxd5 12. exd5 Bg7 13. Bg5 Kd7 14. Ne4 Re8 15.
Nc5+ Kc8 16. Ne4 h6 17. Bxf6 Bxf6 18. b4 Qd7 19. Nxf6 Qe7 20. Nxe8 Qxe8 21. Qd3
f5 22. Nd4 e4 23. Qc3 g5 24. b5 axb5 25. axb5 Rxa1 26. Rxa1 Kd7 27. Ra7 Qc8 28.
Nxf5 Qb8 29. Qg7+ Kc8 30. Qg8+ Kd7 31. Qxb8 c6 32. Qxb7+ Kd8 33. Ra8# 1-0

[Event "Junior Online 4NCL Division 5"]
[Site "online"]
[Date "2020.04.30"]
[Round "3.92"]
[White "Baguley, Rory"]
[Black "Lee, Krishna"]
[Result "0-1"]
[WhiteElo "1187"]
[BlackElo "1148"]
[PlyCount "126"]
[EventDate "2020.04.30"]
[WhiteTeam "Surbiton Juniors B"]
[BlackTeam "St John's College B"]

1. e4 e5 2. Nf3 Nc6 3. Nc3 Nf6 4. Bb5 a6 5. Bxc6 bxc6 6. Nxe5 Qe7 7. Nf3 Nxe4
8. Ne2 Nf6 9. O-O d5 10. d4 Qd6 11. Bf4 Qd8 12. Ng3 Bd6 13. Bxd6 Qxd6 14. Re1+
Be6 15. Nf5 Qf8 16. Ng5 g6 17. Ng3 Qd6 18. Qe2 Kd7 19. Qf3 Bg4 20. Nxf7 Bxf3
21. Nxd6 Bg4 22. Nf7 Rhf8 23. Ne5+ Kd6 24. Nxg4 Nxg4 25. h3 Nxf2 26. Rf1 Ne4
27. Nxe4+ dxe4 28. Rxf8 Rxf8 29. Re1 Re8 30. c3 c5 31. dxc5+ Kxc5 32. b4+ Kc4
33. Re3 c5 34. bxc5 Kxc5 35. g4 Kb5 36. h4 Ka4 37. c4 Kb4 38. h5 gxh5 39. gxh5
Kxc4 40. Rg3 Re7 41. Ra3 Kb5 42. Rb3+ Ka4 43. Rb6 a5 44. Rb1 e3 45. Kf1 Ka3 46.
Ra1 Kb2 47. Rd1 Kxa2 48. Ke2 Kb2 49. Rd3 a4 50. Kd1 a3 51. Rd4 a2 52. Rb4+ Ka3
53. Rb6 a1=Q+ 54. Kc2 Qa2+ 55. Kd3 Qd5+ 56. Kc3 Qc5+ 57. Kd3 Qxb6 58. Kc4 Qd6
59. Kb5 Qc7 60. Ka6 Kb2 61. Kb5 Re8 62. Ka6 Rb8 63. h6 Qb6# 0-1

[Event "Junior Online 4NCL Division 5"]
[Site "online"]
[Date "2020.04.30"]
[Round "3.93"]
[White "Sequeira, Robert"]
[Black "Thompson, Noah"]
[Result "1-0"]
[WhiteElo "1074"]
[BlackElo "1000"]
[PlyCount "83"]
[EventDate "2020.04.30"]
[WhiteTeam "St John's College B"]
[BlackTeam "Surbiton Juniors B"]

1. e4 e6 2. d4 Qe7 3. Nf3 d5 4. e5 f6 5. exf6 gxf6 6. Nc3 Nc6 7. Bd3 Bg7 8. O-O
Nh6 9. Bf4 e5 10. dxe5 fxe5 11. Bg5 Bf6 12. Bxf6 Qxf6 13. Nxd5 Qd6 14. Nc3 Bd7
15. Ne4 Qe6 16. Nc5 Qg8 17. Nxd7 Kxd7 18. Bc4+ Ke7 19. Bxg8 Rhxg8 20. Re1 Rg7
21. Nxe5 Nxe5 22. Rxe5+ Kf6 23. Re3 Rag8 24. Qd4+ Kf7 25. Rf3+ Ke8 26. Re1+ Re7
27. Rxe7+ Kxe7 28. Re3+ Kf7 29. Qf4+ Kg7 30. Rg3+ Kh8 31. Rxg8+ Nxg8 32. Qxc7
Nf6 33. Qxb7 Ne4 34. Qxe4 Kg8 35. c4 Kf8 36. c5 Kf7 37. c6 Kg7 38. c7 Kf7 39.
c8=Q Kf6 40. Qcf5+ Kg7 41. Qe7+ Kh8 42. Qfxh7# 1-0

[Event "Junior Online 4NCL Division 5"]
[Site "online"]
[Date "2020.04.30"]
[Round "3.94"]
[White "Kushagra, Avishi"]
[Black "Doddi, Sammy"]
[Result "0-1"]
[WhiteElo "812"]
[BlackElo "1070"]
[PlyCount "70"]
[EventDate "2020.04.30"]
[WhiteTeam "Surbiton Juniors B"]
[BlackTeam "St John's College B"]

1. e4 c6 2. Nf3 d5 3. d3 Nf6 4. Nc3 Nbd7 5. Bg5 e6 6. Qe2 g6 7. Qe3 Bg7 8. exd5
cxd5 9. O-O-O O-O 10. d4 b6 11. Bb5 Qc7 12. Bxd7 Qxd7 13. Bf4 Ng4 14. Rhg1 Nxe3
15. Bxe3 Ba6 16. a3 Rac8 17. Ne5 Bxe5 18. Bh6 Bg7 19. Bg5 e5 20. dxe5 Bxe5 21.
Rxd5 Qf5 22. Bd2 Bxh2 23. Rh1 Be5 24. Bh6 Rfd8 25. Ra5 Bc4 26. Rxa7 Bf4+ 27.
Kb1 Bxh6 28. Rxh6 Qxf2 29. Rh1 Qxg2 30. Re1 Rd2 31. Rb7 Rxc2 32. Rxb6 Rd8 33.
Rf6 Rxb2+ 34. Ka1 Ra2+ 35. Kb1 Qb2# 0-1

[Event "Junior Online 4NCL Division 5"]
[Site "online"]
[Date "2020.04.30"]
[Round "3.95"]
[White "Morrison, Matthew"]
[Black "Shahameeran, Ashika"]
[Result "1-0"]
[WhiteElo "1217"]
[BlackElo "1319"]
[PlyCount "67"]
[EventDate "2020.04.30"]
[WhiteTeam "Surbiton Juniors B"]
[BlackTeam "St John's College B"]

1. d4 d5 2. c4 e6 3. Nc3 Nf6 4. Nf3 Nc6 5. Bf4 Bb4 6. Qd2 dxc4 7. e4 Nxe4 8.
Qc2 Nxc3 9. bxc3 Bd6 10. Bxd6 Qxd6 11. Bxc4 O-O 12. Ng5 g6 13. O-O b6 14. Qd3
e5 15. dxe5 Nxe5 16. Qe4 Bf5 17. Qh4 h5 18. Rad1 Qc6 19. Bd5 Qc5 20. Bxa8 Rxa8
21. Rfe1 Re8 22. c4 Qc6 23. Rd5 f6 24. Nf3 Kg7 25. Nxe5 fxe5 26. Rdxe5 Rxe5 27.
Rxe5 Qd6 28. f4 Qd1+ 29. Kf2 Qd2+ 30. Kf3 Bg4+ 31. Ke4 Qe2+ 32. Kd5 Qd3+ 33.
Kc6 Qxc4+ 34. Kb7 1-0

[Event "Junior Online 4NCL Division 5"]
[Site "online"]
[Date "2020.04.30"]
[Round "3.96"]
[White "Lee, Krishna"]
[Black "Baguley, Rory"]
[Result "1-0"]
[WhiteElo "1148"]
[BlackElo "1187"]
[PlyCount "91"]
[EventDate "2020.04.30"]
[WhiteTeam "St John's College B"]
[BlackTeam "Surbiton Juniors B"]

1. e4 e5 2. Nf3 Nc6 3. Bb5 Nd4 4. Nxd4 exd4 5. c3 dxc3 6. Nxc3 Nf6 7. O-O Bc5
8. d4 Bb4 9. Re1 O-O 10. a3 Ba5 11. Bg5 c6 12. Ba4 b5 13. Bb3 d5 14. e5 Re8 15.
exf6 Rxe1+ 16. Qxe1 gxf6 17. Bh4 Bc7 18. Ba2 Ba6 19. Qd1 Qd6 20. Qg4+ Kf8 21.
Bg3 Qe7 22. Bxc7 Qxc7 23. Qh4 b4 24. axb4 Ke7 25. b5 cxb5 26. Nxd5+ Kd6 27.
Nxc7 Kxc7 28. Qxf6 Bb7 29. Qxf7+ Kb6 30. Bd5 Bxd5 31. Qxd5 Re8 32. h3 a5 33.
Qc5+ Kb7 34. Qxb5+ Kc7 35. Qxe8 Kb6 36. Qc8 h5 37. Qd8+ Kb5 38. Rxa5+ Kc4 39.
Rc5+ Kb3 40. Qb8+ Ka2 41. Ra5+ Kb1 42. Qb3 h4 43. Qd1+ Kxb2 44. Rc5 Ka2 45. Rb5
Ka3 46. Qa1# 1-0

[Event "Junior Online 4NCL Division 5"]
[Site "online"]
[Date "2020.04.30"]
[Round "3.97"]
[White "Thompson, Noah"]
[Black "Sequeira, Robert"]
[Result "0-1"]
[WhiteElo "1000"]
[BlackElo "1074"]
[PlyCount "118"]
[EventDate "2020.04.30"]
[WhiteTeam "Surbiton Juniors B"]
[BlackTeam "St John's College B"]

1. d4 d5 2. e3 Nf6 3. b3 e6 4. c4 dxc4 5. bxc4 Bb4+ 6. Bd2 Bxd2+ 7. Qxd2 Nc6 8.
Bd3 O-O 9. Ne2 b6 10. O-O Bb7 11. Nf4 e5 12. dxe5 Nxe5 13. Nc3 Nxd3 14. Nxd3
Ne4 15. Nxe4 Bxe4 16. Rad1 Bxd3 17. Qxd3 Qxd3 18. Rxd3 Rad8 19. Rxd8 Rxd8 20.
f4 Rd2 21. a3 h6 22. f5 Ra2 23. f6 gxf6 24. Rxf6 Kg7 25. Rf3 Rxa3 26. h4 Rc3
27. Rg3+ Kf6 28. Rf3+ Kg7 29. Rf4 Rxe3 30. Kf2 Rb3 31. g4 a5 32. g5 hxg5 33.
hxg5 a4 34. Kg2 a3 35. Rf1 a2 36. Ra1 Ra3 37. Kf2 Kg6 38. Ke2 Kxg5 39. Kd2 f5
40. Kc2 f4 41. Kb2 Ra8 42. Rxa2 Rxa2+ 43. Kxa2 f3 44. Kb2 f2 45. Kb3 f1=Q 46.
Kb4 Qb1+ 47. Kc3 c5 48. Kd2 Qb4+ 49. Kd3 Kf5 50. Kc2 Qxc4+ 51. Kd2 b5 52. Ke3
b4 53. Kf3 Qf4+ 54. Ke2 Ke4 55. Ke1 Ke3 56. Kd1 Qf1+ 57. Kc2 Qc4+ 58. Kd1 b3
59. Ke1 Qe2# 0-1

[Event "Junior Online 4NCL Division 5"]
[Site "online"]
[Date "2020.04.30"]
[Round "3.98"]
[White "Doddi, Sammy"]
[Black "Kushagra, Avishi"]
[Result "1-0"]
[WhiteElo "1070"]
[BlackElo "812"]
[PlyCount "87"]
[EventDate "2020.04.30"]
[WhiteTeam "St John's College B"]
[BlackTeam "Surbiton Juniors B"]

1. d4 d5 2. Nf3 Nc6 3. Nc3 Bf5 4. Bf4 Bg4 5. h3 Bxf3 6. exf3 Nf6 7. Bb5 a6 8.
Ba4 b5 9. Bb3 a5 10. a3 a4 11. Ba2 Rb8 12. O-O e6 13. Bg5 h6 14. Bxf6 Qxf6 15.
Ne2 Bd6 16. g3 h5 17. h4 g5 18. hxg5 Qxg5 19. Qc1 h4 20. Qxg5 Ne7 21. Qd2 Nf5
22. g4 Ne7 23. b3 Bxa3 24. bxa4 b4 25. Rab1 Ra8 26. Bb3 Nc6 27. Qf4 h3 28. Ng3
h2+ 29. Kg2 f6 30. Qxc7 Na7 31. Qg7 Rh4 32. Qxf6 Rh7 33. Qg6+ Kd8 34. Qxh7
h1=Q+ 35. Rxh1 Nc6 36. Qh8+ Kc7 37. Qxa8 Kb6 38. a5+ Kc7 39. Rh7+ Kd6 40. Qb7
Nxd4 41. Qd7+ Ke5 42. Rh5+ Kf4 43. Qd6+ e5 44. Qxe5# 1-0

[Event "Junior Online 4NCL Division 5"]
[Site "online"]
[Date "2020.04.30"]
[Round "3.101"]
[White "Pitts, Daniel"]
[Black "Jardzioch, Ernest"]
[Result "1-0"]
[WhiteElo "1240"]
[BlackElo "1090"]
[PlyCount "89"]
[EventDate "2020.04.30"]
[WhiteTeam "Robin Hoods 4"]
[BlackTeam "St Albans Early Knights 4"]

1. e4 e5 2. Nf3 Nc6 3. Bc4 Bc5 4. Nc3 d6 5. d3 Bg4 6. Bxf7+ Ke7 7. Bg5+ Nf6 8.
Bxf6+ gxf6 9. Bc4 Bxf3 10. Qxf3 Qd7 11. Nd5+ Kd8 12. Qxf6+ Ne7 13. Qxh8+ Qe8
14. Qxe8+ Kxe8 15. Nxc7+ Kd8 16. Nxa8 Kc8 17. O-O Kb8 18. a3 a6 19. b4 Ba7 20.
b5 axb5 21. Bxb5 Kxa8 22. a4 Bd4 23. Ra2 d5 24. exd5 Nxd5 25. Bc4 Nb4 26. Ra3
Nxc2 27. Ra2 Nb4 28. Rd2 Bc3 29. Rdd1 h5 30. h4 Ka7 31. f3 Bd4+ 32. Kh1 Na2 33.
Bxa2 Ka6 34. Rfe1 Ka5 35. Re4 Kxa4 36. Rxd4+ exd4 37. f4 Ka3 38. Bg8 Kb2 39. f5
Kc2 40. Rf1 Kxd3 41. f6 Ke2 42. Bc4+ Kd2 43. f7 Ke3 44. f8=Q Ke4 45. Qf4# 1-0

[Event "Junior Online 4NCL Division 5"]
[Site "online"]
[Date "2020.04.30"]
[Round "3.102"]
[White "Booy, Robbie"]
[Black "Asensio, Tomas"]
[Result "1-0"]
[WhiteElo "1075"]
[BlackElo "1232"]
[PlyCount "35"]
[EventDate "2020.04.30"]
[WhiteTeam "St Albans Early Knights 4"]
[BlackTeam "Robin Hoods 4"]

1. e4 d6 2. Nc3 Nf6 3. d3 Nbd7 4. Be3 e5 5. Nf3 Be7 6. Be2 c6 7. Ng5 Qc7 8. Qd2
h6 9. Ne6 fxe6 10. O-O-O O-O 11. Na4 b6 12. Nc3 a6 13. Kb1 b5 14. a3 d5 15.
Bxh6 Re8 16. Qg5 g6 17. Qxg6+ Kh8 18. Qg7# 1-0

[Event "Junior Online 4NCL Division 5"]
[Site "online"]
[Date "2020.04.30"]
[Round "3.103"]
[White "Javed, Zain"]
[Black "Saporenkova, Rita"]
[Result "0-1"]
[WhiteElo "1232"]
[BlackElo "1000"]
[PlyCount "30"]
[EventDate "2020.04.30"]
[WhiteTeam "Robin Hoods 4"]
[BlackTeam "St Albans Early Knights 4"]

1. e4 e5 2. Nf3 Bc5 3. Bc4 Nf6 4. Nc3 Nc6 5. d3 d6 6. Bg5 O-O 7. O-O Bg4 8. h3
Bxf3 9. Qxf3 Rc8 10. Nd5 Nxd5 11. Bxd5 Qxg5 12. Rae1 Ne7 13. a3 Ng6 14. b4 Nh4
15. Qe2 Qxg2# 0-1

[Event "Junior Online 4NCL Division 5"]
[Site "online"]
[Date "2020.04.30"]
[Round "3.104"]
[White "Owladi, Maya"]
[Black "Griffiths, Dylan"]
[Result "1-0"]
[WhiteElo "842"]
[BlackElo "1195"]
[PlyCount "67"]
[EventDate "2020.04.30"]
[WhiteTeam "St Albans Early Knights 4"]
[BlackTeam "Robin Hoods 4"]

1. e4 e5 2. Nf3 Nc6 3. Nc3 Nf6 4. Bc4 Bc5 5. d3 d6 6. h3 Be6 7. Bxe6 fxe6 8.
O-O Qe7 9. Qe1 O-O-O 10. Be3 Kb8 11. Bxc5 dxc5 12. Nb5 Rhe8 13. Qa5 b6 14. Qc3
Rf8 15. Nxe5 Nxe5 16. Qxe5 Rd7 17. Qc3 c6 18. Qe5+ Kc8 19. Nc3 Ne8 20. Rfd1 Qf7
21. f3 Qg6 22. Rf1 Nd6 23. Qh2 Nb5 24. Nxb5 cxb5 25. a4 b4 26. a5 bxa5 27. Rxa5
Rc7 28. c3 Rd8 29. cxb4 cxb4 30. Rb5 Rxd3 31. Rxb4 Rd2 32. b3 Rb7 33. Rc4+ Rc7
34. Qxc7# 1-0

[Event "Junior Online 4NCL Division 5"]
[Site "online"]
[Date "2020.04.30"]
[Round "3.105"]
[White "Jardzioch, Ernest"]
[Black "Pitts, Daniel"]
[Result "0-1"]
[WhiteElo "1090"]
[BlackElo "1240"]
[PlyCount "60"]
[EventDate "2020.04.30"]
[WhiteTeam "St Albans Early Knights 4"]
[BlackTeam "Robin Hoods 4"]

1. e4 e5 2. Nf3 Nc6 3. Bb5 Bc5 4. O-O a6 5. Bxc6 dxc6 6. Nc3 Bg4 7. h3 Bxf3 8.
Qxf3 Nf6 9. d3 Ba7 10. Qg3 Rg8 11. Qxe5+ Qe7 12. Qxe7+ Kxe7 13. e5 Nd5 14.
Nxd5+ cxd5 15. Bf4 g5 16. Bh2 g4 17. hxg4 Rxg4 18. Kh1 Rh4 19. g3 Rh3 20. Kg2
Rh5 21. Rae1 Rg5 22. f4 Rg6 23. f5 Rg5 24. e6 f6 25. Rf4 h5 26. Kh3 Rag8 27.
Rg1 Bxg1 28. Bxg1 Rxg3+ 29. Kh4 Rxg1 30. Kxh5 Rh8# 0-1

[Event "Junior Online 4NCL Division 5"]
[Site "online"]
[Date "2020.04.30"]
[Round "3.106"]
[White "Asensio, Tomas"]
[Black "Booy, Robbie"]
[Result "1-0"]
[WhiteElo "1232"]
[BlackElo "1075"]
[PlyCount "39"]
[EventDate "2020.04.30"]
[WhiteTeam "Robin Hoods 4"]
[BlackTeam "St Albans Early Knights 4"]

1. d4 e5 2. Nc3 exd4 3. Qxd4 Nc6 4. Qd1 d6 5. Bf4 Nf6 6. e3 Bg4 7. Be2 Bxe2 8.
Ngxe2 Qd7 9. Qd2 O-O-O 10. O-O Kb8 11. a4 a6 12. b4 Nxb4 13. Rab1 Nc6 14. Nd4
Nxd4 15. Qxd4 Rc8 16. Qb4 Qc6 17. Ne2 d5 18. Nd4 Qb6 19. Qxb6 Ka8 20. Qxb7# 1-0

[Event "Junior Online 4NCL Division 5"]
[Site "online"]
[Date "2020.04.30"]
[Round "3.107"]
[White "Saporenkova, Rita"]
[Black "Javed, Zain"]
[Result "1-0"]
[WhiteElo "1000"]
[BlackElo "1232"]
[PlyCount "83"]
[EventDate "2020.04.30"]
[WhiteTeam "St Albans Early Knights 4"]
[BlackTeam "Robin Hoods 4"]

1. e4 e5 2. Nf3 Nc6 3. Nc3 Nf6 4. Bc4 d6 5. Ng5 Be6 6. Nxe6 fxe6 7. O-O Qd7 8.
d3 O-O-O 9. Bg5 h6 10. Bxf6 gxf6 11. a3 Rg8 12. g3 Rh8 13. b4 h5 14. h4 d5 15.
Bb5 d4 16. Ne2 a6 17. Bxc6 Qxc6 18. Nc1 f5 19. exf5 exf5 20. Nb3 f4 21. Nc5
fxg3 22. fxg3 Rg8 23. Qf3 Bxc5 24. bxc5 Rgf8 25. Qxh5 Rxf1+ 26. Rxf1 Qe6 27.
Qf5 Qd7 28. Qxe5 Re8 29. Qf5 Re6 30. h5 Kd8 31. Qg5+ Re7 32. Rf8+ Qe8 33. Rxe8+
Kxe8 34. h6 Rh7 35. Qg6+ Ke7 36. Qxh7+ Kf6 37. Qxc7 Kg6 38. h7 Kh6 39. h8=Q+
Kg5 40. Qf7 Kg4 41. Qhg8+ Kh3 42. Qfh7# 1-0

[Event "Junior Online 4NCL Division 5"]
[Site "online"]
[Date "2020.04.30"]
[Round "3.108"]
[White "Griffiths, Dylan"]
[Black "Owladi, Maya"]
[Result "1-0"]
[WhiteElo "1195"]
[BlackElo "842"]
[PlyCount "55"]
[EventDate "2020.04.30"]
[WhiteTeam "Robin Hoods 4"]
[BlackTeam "St Albans Early Knights 4"]

1. e4 e5 2. Nf3 Nc6 3. Bc4 Bc5 4. c3 Nge7 5. d4 d6 6. dxc5 dxc5 7. Qe2 Ng6 8.
Bg5 f6 9. Be3 b6 10. Nbd2 Qe7 11. O-O Be6 12. Rad1 Bxc4 13. Qxc4 Na5 14. Qb5+
c6 15. Qd3 c4 16. Nxc4 Nxc4 17. Qxc4 Nf8 18. Qxc6+ Qd7 19. Qxa8+ Qd8 20. Qxd8+
Kf7 21. Rfe1 Ng6 22. Rd7+ Ke6 23. Rd6+ Kf7 24. Qc7+ Kg8 25. Rd8+ Nf8 26. Red1
h6 27. R1d7 Kh7 28. Rxg7# 1-0

[Event "Junior Online 4NCL Division 5"]
[Site "online"]
[Date "2020.04.30"]
[Round "3.111"]
[White "Shen, Alex"]
[Black "Kapoor, Devansh"]
[Result "1-0"]
[WhiteElo "1277"]
[BlackElo "1067"]
[PlyCount "95"]
[EventDate "2020.04.30"]
[WhiteTeam "Leicestershire Juniors 3"]
[BlackTeam "Uxbridge Juniors B1"]

1. e4 e6 2. d4 c5 3. dxc5 Bxc5 4. Nc3 d5 5. exd5 exd5 6. Qe2+ Ne7 7. Nf3 O-O 8.
Bf4 Re8 9. O-O-O Nf5 10. Qd3 Be6 11. Be2 Nc6 12. Ng5 Nb4 13. Qh3 h6 14. Nxe6
Rxe6 15. Bd3 Nd4 16. a3 Ne2+ 17. Bxe2 Rxe2 18. axb4 Rxf2 19. bxc5 Rxf4 20. Rxd5
Qh4 21. Qxh4 Rxh4 22. Rhd1 Kh7 23. Rd8 Rxd8 24. Rxd8 Rxh2 25. Rd7 Rxg2 26. Rxb7
a5 27. Rxf7 Rg5 28. c6 Rc5 29. c7 h5 30. Nd5 h4 31. Rf8 Rxc7 32. Nxc7 h3 33.
Rf1 h2 34. Rh1 g5 35. Rxh2+ Kg6 36. c4 Kf5 37. c5 Ke5 38. c6 Kd6 39. Nb5+ Kxc6
40. Nd4+ Kd5 41. Nb3 a4 42. Nd2 Kc5 43. Ne4+ Kb4 44. Kc2 a3 45. bxa3+ Kxa3 46.
Rh3+ Ka2 47. Rh7 g4 48. Ra7# 1-0

[Event "Junior Online 4NCL Division 5"]
[Site "online"]
[Date "2020.04.30"]
[Round "3.112"]
[White "Palampathi, Sanjit"]
[Black "Ajaykumar, Arav"]
[Result "0-1"]
[WhiteElo "1022"]
[BlackElo "1135"]
[PlyCount "98"]
[EventDate "2020.04.30"]
[WhiteTeam "Uxbridge Juniors B1"]
[BlackTeam "Leicestershire Juniors 3"]

1. e4 e5 2. Nf3 Nc6 3. Bc4 Bc5 4. O-O Nf6 5. Nc3 O-O 6. d3 h6 7. Be3 Bxe3 8.
fxe3 d6 9. d4 Bg4 10. d5 Ne7 11. h3 Bh5 12. g4 Bg6 13. Nh4 Bxe4 14. Nxe4 Nxe4
15. Qf3 Nd2 16. Qe2 Nxc4 17. Qxc4 a6 18. e4 b5 19. Qe2 Qb8 20. Nf5 Qb6+ 21. Rf2
Rae8 22. Qe3 Nxf5 23. Qxb6 cxb6 24. Rxf5 g6 25. Rf6 Kg7 26. Rxd6 Rc8 27. Rf1 f6
28. Rd7+ Kg8 29. g5 hxg5 30. d6 Rfd8 31. Rxd8+ Rxd8 32. Rd1 f5 33. exf5 gxf5
34. Rd5 g4 35. hxg4 fxg4 36. d7 e4 37. Rg5+ Kf8 38. Rf5+ Ke7 39. Re5+ Kxd7 40.
Rd5+ Kc8 41. Rxd8+ Kxd8 42. c4 bxc4 43. a4 b5 44. axb5 axb5 45. Kf2 b4 46. Ke3
c3 47. bxc3 bxc3 48. Ke2 c2 49. Kd2 g3 0-1

[Event "Junior Online 4NCL Division 5"]
[Site "online"]
[Date "2020.04.30"]
[Round "3.113"]
[White "Rahimifard, Cyrus"]
[Black "Mangalagiri, Pranav"]
[Result "0-1"]
[WhiteElo "1165"]
[BlackElo "970"]
[PlyCount "130"]
[EventDate "2020.04.30"]
[WhiteTeam "Leicestershire Juniors 3"]
[BlackTeam "Uxbridge Juniors B1"]

1. e4 e6 2. Nf3 Nf6 3. Nc3 Bc5 4. Bc4 a6 5. O-O Nc6 6. d3 O-O 7. d4 Bb4 8. Qd2
h6 9. d5 exd5 10. e5 Bxc3 11. Qxc3 Ne4 12. Qe3 dxc4 13. Qxe4 d5 14. Qe2 Re8 15.
Re1 Bg4 16. h3 Bxf3 17. Qxf3 Re7 18. b3 cxb3 19. cxb3 Qe8 20. Be3 Nxe5 21. Qxd5
Rb8 22. Bc5 Rd7 23. Qc4 Nxc4 24. Rxe8+ Rxe8 25. bxc4 Red8 26. Re1 b6 27. Be3
Rd1 28. Rf1 Rxf1+ 29. Kxf1 b5 30. cxb5 axb5 31. Bd2 Rb8 32. Ba5 c5 33. Bd2 b4
34. Be3 c4 35. Bd2 b3 36. axb3 cxb3 37. Bf4 Rb5 38. Bc1 b2 39. Bxb2 Rxb2 40.
Kg1 Kh7 41. Kh2 Kg6 42. g3 f5 43. g4 fxg4 44. Kg3 h5 45. hxg4 hxg4 46. Kxg4
Rxf2 47. Kg3 Rd2 48. Kf3 Kh5 49. Kg3 g5 50. Kf3 Rd4 51. Ke3 Rh4 52. Kf3 g4+ 53.
Kg3 Rh3+ 54. Kg2 Kh4 55. Kg1 g3 56. Kg2 Rh2+ 57. Kg1 Kh3 58. Kf1 g2+ 59. Kg1
Rh1+ 60. Kf2 g1=Q+ 61. Kf3 Qg3+ 62. Ke4 Re1+ 63. Kf5 Qf3+ 64. Kg6 Rg1+ 65. Kh7
Qh5# 0-1

[Event "Junior Online 4NCL Division 5"]
[Site "online"]
[Date "2020.04.30"]
[Round "3.115"]
[White "Kapoor, Devansh"]
[Black "Shen, Alex"]
[Result "0-1"]
[WhiteElo "1067"]
[BlackElo "1277"]
[PlyCount "48"]
[EventDate "2020.04.30"]
[WhiteTeam "Uxbridge Juniors B1"]
[BlackTeam "Leicestershire Juniors 3"]

1. e4 e5 2. Nf3 Nc6 3. Bb5 d6 4. Nc3 Nf6 5. Nd5 Nxd5 6. exd5 a6 7. Bxc6+ bxc6
8. dxc6 Be7 9. d4 exd4 10. Qxd4 Bf5 11. Qxg7 Bf6 12. Qh6 Bxc2 13. Ng5 Qe7+ 14.
Be3 Bxb2 15. O-O Bxa1 16. Re1 Bc3 17. Bf4 Bxe1 18. h3 Bc3 19. f3 Qe1+ 20. Kh2
Be5 21. Bxe5 Qxe5+ 22. g3 Qe2+ 23. Kh1 Rb8 24. Qg7 Rb1# 0-1

[Event "Junior Online 4NCL Division 5"]
[Site "online"]
[Date "2020.04.30"]
[Round "3.116"]
[White "Ajaykumar, Arav"]
[Black "Palampathi, Sanjit"]
[Result "1-0"]
[WhiteElo "1135"]
[BlackElo "1022"]
[PlyCount "34"]
[EventDate "2020.04.30"]
[WhiteTeam "Leicestershire Juniors 3"]
[BlackTeam "Uxbridge Juniors B1"]

1. e4 e5 2. Nf3 Nc6 3. Bb5 f6 4. Nc3 Nge7 5. O-O f5 6. Bxc6 dxc6 7. exf5 Bxf5
8. Nxe5 Qd6 9. d4 Rd8 10. Bd2 c5 11. Re1 Ng6 12. Nc4+ Ne7 13. Nxd6+ Rxd6 14.
dxc5 Re6 15. Rxe6 Bxe6 16. Qe2 Nf5 17. Qxe6+ Be7 1-0

[Event "Junior Online 4NCL Division 5"]
[Site "online"]
[Date "2020.04.30"]
[Round "3.117"]
[White "Mangalagiri, Pranav"]
[Black "Rahimifard, Cyrus"]
[Result "1-0"]
[WhiteElo "970"]
[BlackElo "1165"]
[PlyCount "69"]
[EventDate "2020.04.30"]
[WhiteTeam "Uxbridge Juniors B1"]
[BlackTeam "Leicestershire Juniors 3"]

1. e4 e5 2. Nf3 Nc6 3. Bb5 Bc5 4. Bxc6 dxc6 5. Nxe5 Qe7 6. f4 g6 7. d4 b6 8.
dxc5 Qxc5 9. Nf3 Nf6 10. Nc3 Ng4 11. Qd4 Qe7 12. O-O c5 13. Qxh8+ Kd7 14. Qxh7
Nf6 15. Qh3+ Ke8 16. Qg3 Bb7 17. Re1 Rd8 18. Be3 Bxe4 19. Nxe4 Nxe4 20. Qh4 Qd7
21. f5 Qxf5 22. Bh6 Kd7 23. Rxe4 Qd5 24. Qe7+ Kc6 25. Re5 Rd7 26. Qf6+ Rd6 27.
Qh4 Qc4 28. Qxc4 Rd1+ 29. Rxd1 Kb7 30. Qd5+ Ka6 31. Qc4+ Ka5 32. Qc3+ Ka4 33.
Qa3+ Kb5 34. Nd4+ Kc4 35. Qb3# 1-0

[Event "Junior Online 4NCL Division 5"]
[Site "online"]
[Date "2020.04.30"]
[Round "3.118"]
[White "Abraham, Leo"]
[Black "Rodgers, Micah"]
[Result "1-0"]
[WhiteElo "1022"]
[BlackElo "1007"]
[PlyCount "45"]
[EventDate "2020.04.30"]
[WhiteTeam "Leicestershire Juniors 3"]
[BlackTeam "Uxbridge Juniors B1"]

1. e4 e5 2. Nf3 Bc5 3. Nc3 Nc6 4. Bb5 Nce7 5. Nxe5 Nf6 6. Bc4 d5 7. exd5 O-O 8.
d4 Bb6 9. Bg5 c5 10. dxc5 Bxc5 11. O-O Ng4 12. Nxg4 a5 13. Bxe7 Qxe7 14. Re1
Qc7 15. Ne5 Ba7 16. Bd3 Bb8 17. Qh5 g6 18. Qf3 Re8 19. Ng4 Bd7 20. Nf6+ Kf8 21.
Nxe8 Bxe8 22. g3 Ra6 23. Bxa6 1-0

[Event "Junior Online 4NCL Division 5"]
[Site "online"]
[Date "2020.04.30"]
[Round "3.121"]
[White "Li, Reya"]
[Black "Patel, Aaron"]
[Result "1-0"]
[WhiteElo "1427"]
[BlackElo "1000"]
[PlyCount "87"]
[EventDate "2020.04.30"]
[WhiteTeam "Ojays F"]
[BlackTeam "Harrow Juniors F"]

1. e4 e5 2. Nf3 Nc6 3. Bc4 Bc5 4. c3 Nf6 5. d3 d6 6. a4 Bg4 7. b4 Nxb4 8. cxb4
Bxb4+ 9. Bd2 Bc5 10. h3 Bd7 11. Nc3 O-O 12. O-O c6 13. Qb3 b6 14. Ne2 a6 15.
Qb2 b5 16. axb5 cxb5 17. Bb3 a5 18. Rac1 a4 19. Ba2 a3 20. Qb3 Be6 21. Qc2 Bxa2
22. Qxa2 b4 23. Rb1 Qb6 24. Rb3 d5 25. exd5 Nxd5 26. Nxe5 Rfe8 27. Nc4 Qb5 28.
Ng3 Ra4 29. Ne4 Bd4 30. Ned6 Qc6 31. Nxe8 Qxe8 32. Re1 Qb8 33. Re4 Qa7 34. Re2
g6 35. Bh6 f6 36. Re8+ Kf7 37. Rf8+ Ke7 38. Qe2+ Kd7 39. Rf7+ Kc6 40. Rxa7 Rxa7
41. Qe6+ Kc5 42. Bf8+ Kb5 43. Qxd5+ Ka4 44. Rxb4# 1-0

[Event "Junior Online 4NCL Division 5"]
[Site "online"]
[Date "2020.04.30"]
[Round "3.122"]
[White "Pipalia, Ayush"]
[Black "Genc, Guven"]
[Result "1/2-1/2"]
[WhiteElo "1022"]
[BlackElo "1397"]
[PlyCount "51"]
[EventDate "2020.04.30"]
[WhiteTeam "Harrow Juniors F"]
[BlackTeam "Ojays F"]

1. d4 d5 2. Bf4 Nc6 3. Nf3 Bf5 4. e3 a6 5. Nc3 Nf6 6. a3 e6 7. Bd3 Bd6 8. Bxf5
exf5 9. Bxd6 cxd6 10. O-O Qd7 11. h3 Ne4 12. Nxd5 Qd8 13. Nb4 Nxb4 14. axb4 O-O
15. c3 d5 16. Ne5 f6 17. Nf3 a5 18. bxa5 Rxa5 19. Rxa5 Qxa5 20. b4 Qc7 21. Qb3
Qxc3 22. Qxd5+ Rf7 23. Qd8+ Rf8 24. Qd5+ Rf7 25. Qd8+ Rf8 26. Qd5+ 1/2-1/2